000
00302nam a2200121Ia 4500
008
241002s9999 xx 000 0 und d
082
_a
947.0853 GOL
100
_a
Goldston, Robert
245
4
_a
The Soviets A Orial History of Communist
260
_a
New York:
_c
1967
600
_a
History
942
_c
UC
999
_c
18584
_d
18584